00528nam a2200145 a 450000100060000000300090000600800410001502000150005604000280007108200170009910000660011624500950018226000500027765000550032718043CO-ViMGA141112s2004 ck r 000 u spa d a9586164918 aCO-ViMGAbspacCO-ViMGA04a339.47 V153f1 aVallejo Arteaga, Maria Cristina; De los Rios Gutierrez, Paola10aFraude al consumidor . ¿Delito o contravención? . Desde una perspectiva victimológica aBogotá, cUniversidad externado de Colombia14aPROTECCION DEL CONSUMIDOR - LEGISLACION - COLOMBIA